000 00661nam a2200241Ia 4500
003 OSt
005 20221007063843.0
006 a|||||r|||| 00| 0
007 ta
008 221006b |||||||| |||| 00| 0 eng d
024 _a6,243
037 _cTextual
040 _aFLL
_cFLL
_beng
041 _2eng
_aeng
082 _aZ2:2, J5;K8
100 _aDesai T.R.
_9684842
245 0 _aIndian contract act sale of goods act and partnership act
250 _a17th
260 _aCalcutta
_bS. C. Sarkar & Sons (Private) Ltd India
_c1968
300 _aliii,706p
_ccm.
942 _hZ2:2, J5;K8
_cTEXL
_2CC
999 _c1132344
_d1132344